000 00720nam a2200205Ia 4500
003 GCL
008 140319s9999 xx 000 0 ara d
020 _a7099409977
040 _aGCL /
_cGCL
082 0 4 _a322.42
_bع د
100 1 _aعبدالوهاب المسيرى
245 1 0 _aدفاع عن الانسان :
_bدراسة نظرية وتطبيقية فى النماذج المركبة /
_cعبدالوهاب المسيرى
250 _aالاولى
260 _aالقاهرة :
_bدار الشروق ،
_c2003
300 _a367 ص ؛
_c24 سم
650 0 4 _aالنازية
650 0 4 _aاليهود - الاحوال الاجتماعية
650 0 4 _aالصهيونية - تاريخ
942 _2ddc
_cBK
999 _c57936
_d57936